ბათუმის შოთა რუსთაველის სახელმწიფო უნივერსიტეტის ბიბლიოთეკა

ქართველი მეფეები და დედოფლები : (ბიბ.ჩანაწერი № 58964)

000 -ლიდერი
ფიქსირებული სიგრძის საკონტროლო ველი 01548nam a22002297a 4500
003 - საკონტროლო ნომრის იდენტიფიკატორი
საკონტროლო ველი Ge_BSU
005 - ბოლო ოპერაციის თარიღი და დრო
საკონტროლო ველი 20221025110302.0
008 - ფიქსირებული სიგრძის მონაცემთა ელემენტები - ზოგადი ინფორმაცია
ფიქსირებული სიგრძის საკონტროლო ველი 221025s2018 ge ||||| |||| 00| 0 geo d
020 ## - წიგნის საერთაშორისო სტანდარტული ნომერი
International Standard Book Number 9789941295126
041 ## - ენის კოდი
Language code of text/sound track or separate title geo
080 ## - უნივერსალური ათობითი კლასიფიკაციის ინდექსი
Universal Decimal Classification number 27-36 ქ-27
245 ## - ცნობა სათაურის შესახებ
Title ქართველი მეფეები და დედოფლები :
Remainder of title საინტერესო ამბები მეფე-დედოფალთა ცხოვრებიდან /
Statement of responsibility, etc შემდგენელი კახაბერ კენკიშვილი ; სარედაქციო ჯგუფი: სალომე ნიკოლეიშვილი, ლიკა თავართქილაძე, ნინო ბურჯანაძე [და სხვ.] ; მხატვარი ლევან სილაგაძე.
264 ## - წარმოების, გამოცემის, დისტრიბუციის და სხვა ცნობები
გამოცემის, წარმოების, დისტრიბუციის... ადგილი თბილისი :
გამოცემის, წარმოების, დისტრიბუციის... სახელწოდება პალიტრა L,
გამოცემის, წარმოების, დისტრიბუციის... თარიღი 2018.
300 ## - ფიზიკური აღწერა
Extent 128 გვ. :
Other physical details ილ. ;
Dimensions 20 სმ.
653 ## - INDEX TERM--UNCONTROLLED
Uncontrolled term საყმაწვილო ლიტერატურა
653 ## - INDEX TERM--UNCONTROLLED
Uncontrolled term საქართველოს ისტორია.
653 ## - INDEX TERM--UNCONTROLLED
Uncontrolled term საქართველოს მეფეები.
700 ## - ADDED ENTRY--PERSONAL NAME
Personal name მამაცაშვილი, თამარ
Relator term პროექტის ავტორი, რედაქტორი
9 (RLIN) 15519
700 ## - ADDED ENTRY--PERSONAL NAME
Personal name სილაგაძე, ლევან
Relator term მხატვარი
9 (RLIN) 15520
700 ## - ADDED ENTRY--PERSONAL NAME
Personal name ნადირაძე, მიაკო
Relator term დიზაინერი
9 (RLIN) 15514
942 ## - ADDED ENTRY ELEMENTS (KOHA)
Source of classification or shelving scheme
Koha item type წიგნი
ეგზემპლარები
ჩამოწერის სტატუსი დაკარგული ეგზემპლარის სტატუსი კლასიფიკაციის წყარო ან თაროზე გაწყობის სქემა დაზიანების სტატუსი არ გაიცემა მუდმივი მდებარეობა (დაცვის ადგილი) ამჟამინდელი ადგილსამყოფელი თაროზე განთავსების ადგილი შეძენის თარიღი ღირებულება, შესყიდვის ნორმალური ფასი სრული შენახვის შიფრი შტრიხკოდი ბოლო ოპერაციის თარიღი ეგზემპლარის მიმდევრობითი ნომერი (კეტერი?) ფასის ძალაში შესვლის თარიღი ეგზემპლარის სახეობა საჯარო შენიშვნა
          ბათუმის შოთა რუსთაველის სახელმწიფო უნივერსიტეტის მთავარი ბიბლიოთეკა ბათუმის შოთა რუსთაველის სახელმწიფო უნივერსიტეტის მთავარი ბიბლიოთეკა წიგნსაცავი 2022-10-25 4.00 27-36 ქ-27 28760 2022-10-25 28760 2022-10-25 წიგნი 4 ლ.